[Event "IRI-ch Online"]
[Site "Chess.com INT"]
[Date "2021.03.16"]
[Round "4"]
[White "Radesh, Parsa"]
[Black "Golshaani, Taha"]
[Result "0-1"]
[WhiteElo "1869"]
[BlackElo "1421"]
[PlyCount "66"]
[EventDate "2021.03.15"]
[EventType "swiss (rapid)"]
[EventRounds "11"]
[EventCountry "IRI"]
[SourceTitle "CBM 201 Extra"]
[Source "ChessBase"]
[SourceDate "2021.05.31"]
[SourceVersion "1"]
[SourceVersionDate "2021.05.31"]
[SourceQuality "1"]

1. e4 c5 2. Nc3 g6 3. f4 Bg7 4. Nf3 e6 5. d3 Ne7 6. Qe2 Nbc6 7. Nd1 0-0 8. g3 d5 9. Nf2 b6 10. Bg2 Bb7 11. 0-0 Rc8 12. Rd1 Nd4 13. Qd2 Qc7 14. c3 Nxf3+ 15. Bxf3 Rfd8 16. e5 h5 17. Qe2 Nf5 18. Rf1 Qe7 19. Bd2 Re8 20. Rae1 b5 21. Nd1 d4 22. Nf2 c4 23. Ne4 Bd5 24. Bxh5 cxd3 25. Qg4 Bxe4 26. Rxe4 gxh5 27. Qxh5 dxc3 28. bxc3 Qc5+ 29. Rf2 Qd5 30. Re1 Bf8 31. Qg5+ Ng7 32. Rg2 Qf3 33. h4 Be7 0-1

[Event "IRI-ch Online"]
[Site "Chess.com INT"]
[Date "2021.03.16"]
[Round "2"]
[White "Radesh, Parsa"]
[Black "Savadpour, Benyamin"]
[Result "1-0"]
[WhiteElo "1869"]
[BlackElo "1474"]
[PlyCount "163"]
[EventDate "2021.03.15"]
[EventType "swiss (rapid)"]
[EventRounds "11"]
[EventCountry "IRI"]
[SourceTitle "CBM 201 Extra"]
[Source "ChessBase"]
[SourceDate "2021.05.31"]
[SourceVersion "1"]
[SourceVersionDate "2021.05.31"]
[SourceQuality "1"]

1. e4 e5 2. Nf3 d6 3. d4 exd4 4. Nxd4 Nf6 5. Nc3 Be7 6. f3 h6 7. Be3 Be6 8. Nxe6 fxe6 9. Qd2 Qd7 10. Bc4 Nc6 11. 0-0-0 0-0-0 12. a3 Kb8 13. Qf2 a6 14. Rd2 Rhf8 15. h3 Qc8 16. Rhd1 Ne5 17. Bb3 Nc6 18. Qg3 g5 19. h4 Rg8 20. Kb1 Ne5 21. hxg5 hxg5 22. Bd4 Nf7 23. Ne2 Rge8 24. Bc3 Nh8 25. Nd4 d5 26. e5 Nh5 27. Qg4 Ng7 28. f4 Ng6 29. g3 c5 30. Nf3 Rg8 31. Nxg5 Nf5 32. Ba5 Bxg5 33. fxg5 Rd7 34. c4 d4 35. Ba4 Re7 36. Qe4 Ne3 37. Rc1 Rf8 38. Qxg6 Rf5 39. Qh5 Rg7 40. Qe2 Rxe5 41. Qd3 Rgxg5 42. Rf2 Nf5 43. Qd2 Rxg3 44. Bc2 Ne3 45. Bd3 Reg5 46. Rh1 Ka7 47. Qe2 e5 48. Bd2 Rg1+ 49. Rxg1 Rxg1+ 50. Ka2 Rg3 51. Rf3 Rg2 52. Qe1 Qg4 53. Rf2 Rg3 54. Qe2 Qe6 55. Bxe3 Rxe3 56. Qc2 e4 57. Bf1 d3 58. Qc3 Rh3 59. Bxh3 Qxh3 60. Rf7 Qe6 61. Rf6 Qd7 62. Qb3 Qc7 63. Re6 d2 64. Rxe4 Qc6 65. Re2 Qd6 66. Qd1 Qd3 67. b3 a5 68. Qxd2 Qg6 69. Qxa5+ Kb8 70. Qb5 b6 71. Qe8+ Qxe8 72. Rxe8+ Kb7 73. b4 Ka6 74. Kb3 Kb7 75. Ka4 Ka6 76. bxc5 bxc5 77. Re6+ Kb7 78. Kb5 Kc7 79. Kxc5 Kb8 80. Kc6 Ka8 81. Kb6 Kb8 82. Re8# 1-0